Statistics for Fall of Communism - Timeline

Click here to take the quiz!

General Stats

  • This quiz has been taken 65 times
  • The average score is 3 of 18

Answers on the Map

Answers color-coded by a green-red scale on the quiz's map according to % correct below.
Loading ...
1986198719881989199019911992199312/01/9101/01/92
 

Answer Stats

Answer% Correct
Chernobyl disaster
58%
Fall of the Berlin Wall
25%
Gorbachev assumes power
25%
First call for perestroika
22%
90% of Ukrainians vote for independence
19%
Baltic Way: 2 million people demonstrate in Estonia, Latvia and Lithuania
19%
Belavezha accords: Russia, Ukraine and Belarus agree to dissolve the USSR and replace it with the CIS
19%
Reunification of Germany
19%
The Supreme Soviet gives the final approval to the dissolution
17%
Alma-Ata accords: all remaining Soviet republics are included in the CIS
14%
Failed coup against Gorbachev
14%
Lithuania is the first republic to secede
11%
Romanian Revolution
11%
Russian Soviets are disbanded
11%
Dissolution of the Warsaw Pact
8%
Election of Boris Yeltsin
8%
Inauguration of Lech Wałęsa
3%
Lithuania is the first republic to hold free elections
3%

Score Distribution

Percentile by Number Answered

Percent of People with Each Score

Your Score History

You have not taken this quiz